A text-book of Public Health / (Record no. 72523)

MARC details
000 -LEADER
campo de control de longitud fija 00481nam a2200169 i 4500
001 - NÚMERO DE CONTROL
campo de control 72523
003 - IDENTIFICADOR DE NÚMERO DE CONTROL
campo de control ES-MaACL
005 - FECHA Y HORA DE LA ÚLTIMA TRANSACCIÓN
campo de control 20230906171448.0
007 - CAMPO FIJO DE DESCRIPCIÓN FÍSICA--INFORMACIÓN GENERAL
campo de control de longitud fija t|
008 - DATOS DE LONGITUD FIJA--INFORMACIÓN GENERAL
campo de control de longitud fija 040901s1910 xxk ||||1| eng d
100 1# - ENTRADA PRINCIPAL--NOMBRE DE PERSONA
Nombre de persona Glaister, John.
9 (RLIN) 57389
245 12 - MENCIÓN DEL TÍTULO
Título A text-book of Public Health /
Mención de responsabilidad, etc. by John Glaister.
250 ## - MENCION DE EDICION
Mención de edición 2nd ed.
260 ## - PUBLICACIÓN, DISTRIBUCIÓN, ETC.
Lugar de publicación, distribución, etc. Edinburgh :
Nombre del editor, distribuidor, etc. E. and S. Livingstone,
Fecha de publicación, distribución, etc. 1910 (
Fabricante Riverside Press)
300 ## - DESCRIPCIÓN FÍSICA
Extensión XX, 622 p. :
Otras características físicas il. ;
Dimensiones 22 cm.
852 ## - LOCALIZACIÓN
Ubicación ES-MaACL
Número de control de estantería B-12476
Holdings
Estatus retirado Estado de pérdida Estado de daño No para préstamo Biblioteca de origen Biblioteca actual Ubicación en estantería Fecha de adquisición Fuente de adquisición Total de préstamos Signatura topográfica completa Código de barras Visto por última vez Precio de reemplazo Tipo de ítem Koha
        Biblioteca del Ateneo de Madrid Biblioteca del Ateneo de Madrid Sala Pardo Bazán 17/01/2008     B-12476 1075923 23/02/2023 23/02/2023 Libro impreso